| 000 | 01889cam a2200361 a 4500 | ||
|---|---|---|---|
| 001 | EDZ0000117151 | ||
| 003 | StDuBDS | ||
| 005 | 20161031105140.0 | ||
| 006 | m||||||||d|||||||| | ||
| 007 | cr ||||||||||| | ||
| 008 | 130111s2003 enka fo| 000|0|eng d | ||
| 020 |
_a9781446262252 (ebook) : _cNo price |
||
| 040 |
_aStDuBDS _beng _cStDuBDS _epn |
||
| 049 | _aAlfaisal Main Library | ||
| 050 | 0 |
_aHM526 _b.I67 2003 |
|
| 082 | 0 | 4 |
_a001.433 _223 |
| 245 | 0 | 0 |
_aInterviewing [I] _h[electronic resource] / _cedited by Nigel Fielding. |
| 260 |
_aLondon : _bSAGE, _c2003. |
||
| 300 |
_a1 online resource (4 v. (various pagings)) : _bill. |
||
| 490 | 1 | _aSAGE benchmarks in social research methods | |
| 520 | 8 | _aThe aim of this collection is to bring together all of the key articles on interviewing which have been published in professional journals. It addresses the philosophy of interview methods and its epistemological foundations; the ethics of interview research; and the criteria for assessing interview based research. It covers both interviewing in quantitative research, such as the survey method, and qualitative research in all its many forms. The collection explores the principal types of interview (standardized, semi-standardized and non-standardized), and the different modes of interviewing (for example, telephone interviewing, life history interviews and focus groups). | |
| 521 | _aSpecialized. | ||
| 588 | _aDescription based on print version record. | ||
| 504 | _aIncludes bibliographical references. | ||
| 650 | 0 | _aInterviewing. | |
| 655 | 7 |
_aElectronic books. _2local |
|
| 700 | 1 | _aFielding, Nigel. | |
| 710 | 2 | _aSage eBooks | |
| 776 | 0 | 8 |
_iPrint version : _z9780761973393 |
| 830 | 0 | _aSAGE benchmarks in social research methods. | |
| 856 | 4 | 0 | _uhttp://ezproxy.alfaisal.edu/login?url=http://sk.sagepub.com/navigator/interviewing-i |
| 942 |
_2lcc _cEBOOKS |
||
| 999 |
_c480359 _d480359 |
||